000 00600nam a22002417a 4500
003 UA-OsUOA
001 125655
007 ta
008 20170922b un ||||| |||| 00| 0 ukr d
100 _aГрималь П.
090 _a929:1
_bГ84
942 _cBK
040 _aUA-OsUOA
_brus
_cUA-OsUOA
_dUA-OsUOA
245 _aЦицерон
300 _a544 с.
955 _a2
041 _arus
080 _a929:1
020 _a5-235-01060-4
260 _aМ.
_bМолодая гвардия
_c1991
650 7 _a9 Географія. Біографії. Історія
_2UDC
999 _c412913
_d412913